Statistics for Flags of All Partially Recognized Countries

Click here to take the quiz!

General Stats

  • This quiz has been taken 190 times
  • The average score is 14 of 18

Answer Stats

Answer% Correct
People's Republic of China
99%
Republic of Korea
99%
State of Israel
98%
Republic of Cyprus
96%
Democratic People's Republic of Korea
95%
Republic of China
93%
Republic of Armenia
92%
Republic of Kosovo
88%
State of Palestine
86%
Turkish Republic of Northern Cyprus
72%
Sahrawi Arab Democratic Republic
69%
Republic of Somaliland
63%
Republic of Abkhazia
59%
Republic of South Ossetia
59%
Pridnestrovian Moldavian Republic
54%
Republic of Artsakh
47%
Donetsk People's Republic
43%
Luhansk People's Republic
41%

Score Distribution

Percentile by Number Answered

Percent of People with Each Score

Your Score History

You have not taken this quiz